000 00386nam a2200157Ia 4500
008 210210b1926 xxu||||| |||| 00| 0 eng d
041 _aeng
082 _a550/23
100 _aWOODS (H)
245 _aPalaeontology: invertebrate
260 _aCambridge
_bAt the University Press
_c1926
650 _aPalaeontology:
650 _ainvertebrate
690 _aGeology
906 _a010167
999 _c137935
_d137935